Protección social inclusiva en América Latina (Registro nro. 503)
[ vista simple ]
| 000 -LEADER | |
|---|---|
| fixed length control field | 01356 a2200229 4500 |
| 001 - CONTROL NUMBER | |
| control field | 12747 |
| 005 - DATE AND TIME OF LATEST TRANSACTION | |
| control field | 20260407155440.0 |
| 008 - FIXED-LENGTH DATA ELEMENTS--GENERAL INFORMATION | |
| fixed length control field | 260407a2011 arg spa d |
| 003 - CONTROL NUMBER IDENTIFIER | |
| control field | AR-UNSa-BCEJYS |
| 040 ## - CATALOGING SOURCE | |
| Original cataloging agency | AR-UNSa-BCEJYS |
| Language of cataloging | spa |
| Transcribing agency | AR-UNSa-BCEJYS |
| 080 ## - UNIVERSAL DECIMAL CLASSIFICATION NUMBER | |
| Universal Decimal Classification number | 304.4 |
| Common auxiliary subdivision | Aspectos generales de las políticas y prácticas sociales y culturales (política social) |
| 020 ## - INTERNATIONAL STANDARD BOOK NUMBER | |
| International Standard Book Number | 978-92-1-323487-7 |
| 100 1# - MAIN ENTRY--PERSONAL NAME | |
| Personal name | Cecchini, Simone |
| 245 10 - TITLE STATEMENT | |
| Title | Protección social inclusiva en América Latina |
| Name of part/section of a work | una mirada integral, un enfoque de derechos |
| 264 #1 - PRODUCTION, PUBLICATION, DISTRIBUTION, MANUFACTURE, AND COPYRIGHT NOTICE | |
| Place of production, publication, distribution, manufacture | Santiago de Chile : |
| Name of producer, publisher, distributor, manufacturer | CEPAL (Comisión Económica para América Latina y el Caribe) |
| Date of production, publication, distribution, manufacture, or copyright notice | 2011 |
| 300 ## - PHYSICAL DESCRIPTION | |
| Extent | 277 p. |
| Dimensions | 22 cm. |
| 505 ## - FORMATTED CONTENTS NOTE | |
| Formatted contents note | 1. Política y protección social - 2. La protección social en la América latina del nuevo milenio - 3. Los programas de transferencia con corresponsabilidad y la protección social - 4. Hacia un sistema integral de protección social - 5. Los programasde transferencia con corresponsabilidad como puerta de acceso a la protección social - 6. Consolidación de la protección social en América Latina:Principales desafíos |
| 590 ## - LOCAL NOTE (RLIN) | |
| Local note | niveau_biblio:m niveau_hierar:0 |
| 700 1# - ADDED ENTRY--PERSONAL NAME | |
| Personal name | Martínez, Rodrigo |
| 856 41 - ELECTRONIC LOCATION AND ACCESS | |
| Uniform Resource Identifier | <a href="https://biblioeco.unsa.edu.ar/pmb/images/libros/Proteccion social inclusiva en america latina-l118598.jpg">https://biblioeco.unsa.edu.ar/pmb/images/libros/Proteccion social inclusiva en america latina-l118598.jpg</a> |
| Link text | Imagen de portada |
| Electronic format type | image/jpeg |
| 942 ## - ADDED ENTRY ELEMENTS (KOHA) | |
| Koha item type | |
| Withdrawn status | Lost status | Damaged status | Not for loan | Home library | Current library | Shelving location | Date acquired | Total checkouts | Full call number | Barcode | Date last seen | Price effective from | Koha item type |
|---|---|---|---|---|---|---|---|---|---|---|---|---|---|
| Biblioteca Prof. Eusebio Cleto del Rey | Biblioteca Prof. Eusebio Cleto del Rey | 07/04/2026 | 304.4 C387 | L118598 | 07/04/2026 | 07/04/2026 | Libro |